00481 2200193 4500001002100000005001500021035002000036008004100056245005700097100002000154250000600174260003600180300001100216084001400227082000800241650001400249990001200263990001200275INLIS00000000000048320240430112115 a0010-0424000459240430 0 ind 1 aAyo Menggunakan Teorema Pythagoras /cMuhamad Mas'ud aMas'ud, Muhamad a1 aKlaten :bIntan Pariwara,c2015 a68 hlm a510 MUH a a510 4aNon Fiksi a0728549 a0728550